Bohouš a Dáša proti chudobě / [Ondřej Nádvorník, Petr Chára ; ilustrace Karel Jerie]
Record details
- ISBN: 80-86961-09-5
- Physical Description: 63 s. : barev. il. ; 30 cm
- Publisher: Praha : Člověk v tísni - společnost při České televizi, 2006
Content descriptions
| Bibliography, etc. Note: | Obsahuje bibliografické odkazy |
Search for related items by subject
| Subject: | chudoba sociální vyloučení globální rozvojové vzdělávání poverty social exclusion global development education |
| Genre: | učební texty metodické příručky educational texts methodological manuals |
Available copies
- 3 of 3 copies available at Common Catalog SPOK.
Holds
- 0 current holds with 3 total copies.
Show Only Available Copies
| Location | Call Number / Copy Notes | Barcode | Shelving Location | Status | Due Date |
|---|---|---|---|---|---|
| Varianty | Ar Bo | 4605402040 | Šafaříkova 17 - 5. patro, ředitelna | Available | - |
| Varianty | GRV Met Bo | 4605400354 | Šafaříkova 17 - 5. patro, GRV | Available | - |
| Varianty | GRV Met Bo | 4605400357 | Šafaříkova 17 - 5. patro, GRV | Available | - |
| LDR | 01647nam a2200445 a 4500 | ||
|---|---|---|---|
| 001 | 31125 | ||
| 003 | CZ-PrJAB | ||
| 005 | 20190224091552.0 | ||
| 007 | ta | ||
| 008 | 060127s2006 xr a g f 000 0 cze | ||
| 015 | . | ‡acnb001640072 | |
| 020 | . | ‡a80-86961-09-5 ‡q(brož.) | |
| 035 | . | ‡a(CZ PrNK)nkc20061640072 | |
| 035 | . | ‡a(OCoLC)83978933 | |
| 040 | . | ‡aOLA001 ‡bcze ‡dBOA001 ‡dABA001 | |
| 072 | 7. | ‡a364 ‡xSociální problémy vyžadující podporu a pomoc. Sociální zabezpečení ‡2Konspekt ‡918 | |
| 072 | 7. | ‡a37.016 ‡xUčební osnovy. Vyučovací předměty. Učebnice ‡2Konspekt ‡922 | |
| 080 | . | ‡a364.662 ‡2MRF | |
| 080 | . | ‡a364.624.4 ‡2MRF | |
| 080 | . | ‡a37.0-027.511 ‡2MRF | |
| 080 | . | ‡a(07) ‡2MRF | |
| 080 | . | ‡a(072) ‡2MRF | |
| 100 | 1 | . | ‡aNádvorník, Ondřej ‡7mzk2006324308 ‡4aut |
| 245 | 1 | 0. | ‡aBohouš a Dáša proti chudobě / ‡c[Ondřej Nádvorník, Petr Chára ; ilustrace Karel Jerie] |
| 260 | . | ‡aPraha : ‡bČlověk v tísni - společnost při České televizi, ‡c2006 | |
| 300 | . | ‡a63 s. : ‡bbarev. il. ; ‡c30 cm | |
| 504 | . | ‡aObsahuje bibliografické odkazy | |
| 650 | 0 | 7. | ‡achudoba ‡7ph119230 ‡2czenas |
| 650 | 0 | 7. | ‡asociální vyloučení ‡7ph164936 ‡2czenas |
| 650 | 0 | 7. | ‡aglobální rozvojové vzdělávání ‡7ph265647 ‡2czenas |
| 650 | 0 | 9. | ‡apoverty ‡2eczenas |
| 650 | 0 | 9. | ‡asocial exclusion ‡2eczenas |
| 650 | 0 | 9. | ‡aglobal development education ‡2eczenas |
| 655 | 7. | ‡aučební texty ‡7fd133599 ‡2czenas | |
| 655 | 7. | ‡ametodické příručky ‡7fd132826 ‡2czenas | |
| 655 | 9. | ‡aeducational texts ‡2eczenas | |
| 655 | 9. | ‡amethodological manuals ‡2eczenas | |
| 700 | 1 | . | ‡aChára, Petr, ‡d1971- ‡7mzk2006324309 ‡4aut |
| 910 | . | ‡aABH006 | |
| 901 | . | ‡a31125 ‡b ‡c31125 ‡tbiblio | |